000 00785cam a2200229 a 4500
001 000000891
005 20260423100041.0
008 770809s1949 xx 000 0 eng
010 _a 50005090
040 _aDO-SdBNP
_cBNPHU
_bspa
082 _a641.21
_bR495e
100 1 _aRice, Thurman Brooks,
_d1888-
_93166
245 1 0 _aEffects of alcoholic drinks, tobacco, sedatives, narcotics /
_cThurman B. Rice, Rolla N. Harger.
260 _aChicago :
_bWheeler Pub. Co.,
_c1949.
300 _aviii, 312 p. :
_bil. ;
_c21 cm.
500 _aIncluye índice alfabético
650 4 _aBebidas alcohólicas
_xAspectos sociales
_93167
650 4 _aTabaco
_93168
650 0 _aNarcóticos
_93169
650 4 _aConsumo de bebidas alcohólicas
_93170
700 1 _aHarger, Rolla Neil,
_d1890-
_93171
999 _c885
_d885